| 000 | 00453nam a2200157 4500 | ||
|---|---|---|---|
| 999 |
_c1108 _d1108 |
||
| 008 | 200109b ||||| |||| 00| 0 eng d | ||
| 082 | 0 | 0 |
_a621.3 _bM8641 |
| 100 |
_aMorley, Arthur. _9116 |
||
| 245 | 1 | 0 |
_aPrinciples of Electricity in SI Units _cby Arthur Morley |
| 250 | _a3rd ed. | ||
| 260 |
_aLondon _bEnglish Language Book Society _c1973 |
||
| 300 | _axv, 384 p. | ||
| 650 | 0 | _aElectrical Engineering | |
| 700 |
_950 _aHughes, Edward |
||
| 942 |
_2ddc _cBK |
||